Gender mainstreaming in HIV/AIDS : (Record no. 9266)

MARC details
000 -LEADER
fixed length control field 01540cam a22003734a 4500
001 - CONTROL NUMBER
control field 13369059
003 - CONTROL NUMBER IDENTIFIER
control field OSt
005 - DATE AND TIME OF LATEST TRANSACTION
control field 20240723105546.0
008 - FIXED-LENGTH DATA ELEMENTS--GENERAL INFORMATION
fixed length control field 020726s2002 enka b o000 0 eng
010 ## - LIBRARY OF CONGRESS CONTROL NUMBER
LC control number 2003374435
020 ## - INTERNATIONAL STANDARD BOOK NUMBER
International Standard Book Number 0850926556
035 ## - SYSTEM CONTROL NUMBER
System control number (OCoLC)ocm50271681
040 ## - CATALOGING SOURCE
Original cataloging agency DLC
Transcribing agency MUST
Modifying agency DLC
042 ## - AUTHENTICATION CODE
Authentication code pcc
043 ## - GEOGRAPHIC AREA CODE
Geographic area code b------
082 ## - DEWEY DECIMAL CLASSIFICATION NUMBER
Classification number 303.5 GEN 2002
245 00 - TITLE STATEMENT
Title Gender mainstreaming in HIV/AIDS :
Remainder of title taking a multisectoral approach /
Statement of responsibility, etc. Commonwealth Secretariat, Maritime Centre of Excellence for Women's Health.
260 ## - PUBLICATION, DISTRIBUTION, ETC. (IMPRINT)
Place of publication, distribution, etc. London :
Name of publisher, distributor, etc. Commonwealth Secretariat,
Date of publication, distribution, etc. 2002.
300 ## - PHYSICAL DESCRIPTION
Extent xviii, 164 p. :
Other physical details ill. ;
Dimensions 25 cm.
440 #0 - SERIES STATEMENT/ADDED ENTRY--TITLE
Title New gender mainstreaming series on development issues
9 (RLIN) 7522
504 ## - BIBLIOGRAPHY, ETC. NOTE
Bibliography, etc Includes bibliographical references (p. 136-145).
650 #0 - SUBJECT ADDED ENTRY--TOPICAL TERM
Topical term or geographic name as entry element AIDS (Disease)
General subdivision Government policy
Geographic subdivision Commonwealth countries.
9 (RLIN) 18942
650 #0 - SUBJECT ADDED ENTRY--TOPICAL TERM
Topical term or geographic name as entry element HIV-positive persons
General subdivision Sex differences
Geographic subdivision Commonwealth countries.
9 (RLIN) 18943
650 #0 - SUBJECT ADDED ENTRY--TOPICAL TERM
Topical term or geographic name as entry element Discrimination in medical care
General subdivision Prevention
Geographic subdivision Commonwealth countries.
9 (RLIN) 18944
650 12 - SUBJECT ADDED ENTRY--TOPICAL TERM
Topical term or geographic name as entry element HIV Infections
General subdivision prevention & control.
9 (RLIN) 18945
650 22 - SUBJECT ADDED ENTRY--TOPICAL TERM
Topical term or geographic name as entry element Government Programs.
9 (RLIN) 18946
650 22 - SUBJECT ADDED ENTRY--TOPICAL TERM
Topical term or geographic name as entry element Sex Factors.
9 (RLIN) 10147
650 22 - SUBJECT ADDED ENTRY--TOPICAL TERM
Topical term or geographic name as entry element Socioeconomic Factors.
9 (RLIN) 6874
710 2# - ADDED ENTRY--CORPORATE NAME
Corporate name or jurisdiction name as entry element Commonwealth Secretariat.
9 (RLIN) 7533
710 2# - ADDED ENTRY--CORPORATE NAME
Corporate name or jurisdiction name as entry element Maritime Centre of Excellence for Women's Health.
9 (RLIN) 18947
906 ## - LOCAL DATA ELEMENT F, LDF (RLIN)
a 7
b cbc
c origres
d 2
e ncip
f 20
g y-gencatlg
942 ## - ADDED ENTRY ELEMENTS (KOHA)
Source of classification or shelving scheme Dewey Decimal Classification
Koha item type Open Shelf
Holdings
Withdrawn status Lost status Source of classification or shelving scheme Damaged status Not for loan Home library Current library Date acquired Source of acquisition Inventory number Total Checkouts Full call number Barcode Date last seen Price effective from Koha item type
    Dewey Decimal Classification     MUST Main Library MUST Main Library 23/07/2024 Donation 2008/30944   303.5 GEN 2002 2024-22113 23/07/2024 23/07/2024 Open Shelf